000 00463nam a2200181 i 4500
001 41050
003 ES-MaACL
005 20260427134604.0
007 t|
008 030307s1970 sp ||||1| spa d
100 1 _aCarpentier, Alejo.
_935442
245 1 3 _aEl siglo de las luces /
_cAlejo Carpentier.
260 _aBarcelona :
_bBarral,
_c1970.
300 _a353 p. ;
_c19 cm.
852 _aES-MaACL
_jC-46548
_bR.76144
942 _2udc
999 _c41050
_d41050